<?xml version="1.0" encoding="UTF-8"?>
<record
    xmlns:xsi="http://www.w3.org/2001/XMLSchema-instance"
    xsi:schemaLocation="http://www.loc.gov/MARC21/slim http://www.loc.gov/standards/marcxml/schema/MARC21slim.xsd"
    xmlns="http://www.loc.gov/MARC21/slim">

  <leader>03231nam a2200397 u 4500</leader>
  <controlfield tag="001">157773</controlfield>
  <controlfield tag="005">20260506075546.0</controlfield>
  <controlfield tag="008">971212s1995                        spa  </controlfield>
  <datafield tag="020" ind1=" " ind2=" ">
    <subfield code="a">9586551156</subfield>
  </datafield>
  <datafield tag="020" ind1=" " ind2=" ">
    <subfield code="a">9789586551861</subfield>
  </datafield>
  <datafield tag="035" ind1=" " ind2=" ">
    <subfield code="a">157773</subfield>
  </datafield>
  <datafield tag="035" ind1=" " ind2=" ">
    <subfield code="a">(OCoLC)778014186</subfield>
  </datafield>
  <datafield tag="040" ind1=" " ind2=" ">
    <subfield code="c">comduadb</subfield>
  </datafield>
  <datafield tag="041" ind1=" " ind2=" ">
    <subfield code="a">spa</subfield>
  </datafield>
  <datafield tag="080" ind1=" " ind2=" ">
    <subfield code="a">WO</subfield>
  </datafield>
  <datafield tag="100" ind1="1" ind2="0">
    <subfield code="a">&#xC1;lvarez Echeverri, Tiberio</subfield>
    <subfield code="4">edt</subfield>
    <subfield code="e">edt</subfield>
    <subfield code="9">313725</subfield>
  </datafield>
  <datafield tag="245" ind1="1" ind2="0">
    <subfield code="a">Cirug&#xED;a : anestesiolog&#xED;a</subfield>
  </datafield>
  <datafield tag="260" ind1=" " ind2=" ">
    <subfield code="a">Medell&#xED;n :</subfield>
    <subfield code="b">Editorial Universidad de Antioquia,</subfield>
    <subfield code="c">1995.</subfield>
  </datafield>
  <datafield tag="300" ind1=" " ind2=" ">
    <subfield code="a">xxvi, 454 p.</subfield>
  </datafield>
  <datafield tag="490" ind1="0" ind2=" ">
    <subfield code="a">Yuluka / Medicina</subfield>
  </datafield>
  <datafield tag="505" ind1=" " ind2=" ">
    <subfield code="a">CONTENIDO : Evoluci&#xF3;n historica de la anestesiolog&#xED;a. -- Perfil general y riesgos profesionales del anestesi&#xF3;logo. -- Seguridad durante el proceso anest&#xE9;sico. -- Proceso anest&#xE9;sico. -- Principios farmcol&#xF3;gicos de la anestesia. -- Efectos de la anestesia en el coraz&#xF3;n, el pulm&#xF3;n, el ri&#xF1;&#xF3;n y el higado. -- Registro anest&#xE9;sico. -- M&#xE1;quina de anestesia. -- L&#xED;quidos y electr&#xF3;litos. -- Trasfusi&#xF3;n sangu&#xED;nea. -- Evaluaci&#xF3;n y medicaci&#xF3;n preanest&#xE9;sicas. -- Inducci&#xF3;n anest&#xE9;sica. -- Relajantes musculares. -- Sala de recuperaci&#xF3;n. -- Anestesia obst&#xE9;trica. -- Anestesia pedi&#xE1;trica. -- Anestesia geri&#xE1;trica. -- Anestesia endocrinol&#xF3;gica. -- Anestesia en neurocirug&#xED;a. -- Anestesia en un paciente con trauma encefalocraneano. -- Anestesia en trauma. -- Anestesia ambulatoria. -- Dolor agudo. -- Dolor en los ni&#xF1;os. -- Complicaciones durante el proceso anest&#xE9;sico. -- Choque. -- Insuficiencia respiratoria. -- Reanimaci&#xF3;n cardiopulmonar del adulto. -- Reanimaci&#xF3;n cardiopulmonar pedi&#xE1;trica. -- Informaci&#xF3;n b&#xE1;sica sobre medicamentos. -- &#xCD;ndice.</subfield>
  </datafield>
  <datafield tag="520" ind1="3" ind2=" ">
    <subfield code="a">Anestesiolog&#xED;a brinda las directrices generales para la soluci&#xF3;n de problemas en el proceso anest&#xE9;sico, en la reanimaci&#xF3;n cardiopulmonar y en el alivio del dolor; para ello se da la informaci&#xF3;n b&#xE1;sica y se comenta con tablas y dibujos debidamente seleccionados. De otro lado, esta obra viene a llenar un vac&#xED;o en la literatura m&#xE9;dica existente en Colombia y Latinoam&#xE9;rica -casi toda for&#xE1;nea- y, por tanto, guiada por par&#xE1;metros para otro tipo de comunidad. La colecci&#xF3;n de Cirug&#xED;a presenta una visi&#xF3;n actualizada de la patolog&#xED;a quir&#xFA;rgica b&#xE1;sica y de las diferentes especialidades; registra la experiencia acumulada en nuestro medio, a trav&#xE9;s de la extensa trayectoria del profesorado de la Universidad de Antioquia y de otros profesores universitarios colombianos; y contribuye con cr&#xED;ticas, apreciaciones e investigaciones a la literatura quir&#xFA;rgica publicada en otros pa&#xED;ses.</subfield>
  </datafield>
  <datafield tag="650" ind1=" " ind2="0">
    <subfield code="a">Anestesiolog&#xED;a</subfield>
    <subfield code="9">23572</subfield>
  </datafield>
  <datafield tag="650" ind1=" " ind2="7">
    <subfield code="a">Anestesia</subfield>
    <subfield code="2">dcs</subfield>
    <subfield code="9">17487</subfield>
  </datafield>
  <datafield tag="650" ind1=" " ind2="7">
    <subfield code="a">Cirugia general</subfield>
    <subfield code="2">dcs</subfield>
    <subfield code="9">13815</subfield>
  </datafield>
  <datafield tag="700" ind1="1" ind2="0">
    <subfield code="a">Alvarez Osorio, Fernando</subfield>
    <subfield code="4">aut</subfield>
    <subfield code="e">aut</subfield>
    <subfield code="9">408734</subfield>
  </datafield>
  <datafield tag="700" ind1="1" ind2="0">
    <subfield code="a">Arcila Posada, Enrique</subfield>
    <subfield code="4">aut</subfield>
    <subfield code="e">aut</subfield>
    <subfield code="9">408735</subfield>
  </datafield>
  <datafield tag="700" ind1="1" ind2="0">
    <subfield code="a">Guti&#xE9;rrez Henao, Francisco Javier</subfield>
    <subfield code="4">aut</subfield>
    <subfield code="e">aut</subfield>
    <subfield code="9">515433</subfield>
  </datafield>
  <datafield tag="700" ind1="1" ind2="0">
    <subfield code="a">Jim&#xE9;nez Posada, Le&#xF3;n Dar&#xED;o</subfield>
    <subfield code="4">aut</subfield>
    <subfield code="e">aut</subfield>
    <subfield code="9">275744</subfield>
  </datafield>
  <datafield tag="700" ind1="1" ind2="0">
    <subfield code="a">Marquez Arabia, Libardo</subfield>
    <subfield code="4">edt</subfield>
    <subfield code="e">edt</subfield>
    <subfield code="9">367876</subfield>
  </datafield>
  <datafield tag="700" ind1="1" ind2="0">
    <subfield code="a">Mesa V., Hernan Dario</subfield>
    <subfield code="4">edt</subfield>
    <subfield code="e">edt</subfield>
    <subfield code="9">348955</subfield>
  </datafield>
  <datafield tag="700" ind1="1" ind2="0">
    <subfield code="a">Morales, Alberto</subfield>
    <subfield code="4">edt</subfield>
    <subfield code="e">edt</subfield>
  </datafield>
  <datafield tag="700" ind1="1" ind2="0">
    <subfield code="a">Nore&#xF1;a G., Alonso</subfield>
    <subfield code="4">edt</subfield>
    <subfield code="e">edt</subfield>
    <subfield code="9">269296</subfield>
  </datafield>
  <datafield tag="700" ind1="1" ind2="0">
    <subfield code="a">Ramirez Zuluaga, Fabio</subfield>
    <subfield code="4">edt</subfield>
    <subfield code="e">edt</subfield>
    <subfield code="9">302624</subfield>
  </datafield>
  <datafield tag="942" ind1=" " ind2=" ">
    <subfield code="c">BOOK</subfield>
  </datafield>
  <datafield tag="999" ind1=" " ind2=" ">
    <subfield code="c">74825</subfield>
    <subfield code="d">74825</subfield>
  </datafield>
  <datafield tag="952" ind1=" " ind2=" ">
    <subfield code="0">0</subfield>
    <subfield code="1">0</subfield>
    <subfield code="4">0</subfield>
    <subfield code="7">0</subfield>
    <subfield code="8">GENERAL</subfield>
    <subfield code="a">BE</subfield>
    <subfield code="b">BE</subfield>
    <subfield code="d">1998-04-28</subfield>
    <subfield code="i">C243621</subfield>
    <subfield code="l">0</subfield>
    <subfield code="o">WO200 C5-95</subfield>
    <subfield code="p">61000001082532</subfield>
    <subfield code="r">2023-04-21 00:00:00</subfield>
    <subfield code="t">1</subfield>
    <subfield code="w">2023-04-21</subfield>
    <subfield code="y">BOOK</subfield>
  </datafield>
  <datafield tag="952" ind1=" " ind2=" ">
    <subfield code="0">0</subfield>
    <subfield code="1">0</subfield>
    <subfield code="4">0</subfield>
    <subfield code="7">0</subfield>
    <subfield code="8">HIS. MEDIC</subfield>
    <subfield code="a">BM</subfield>
    <subfield code="b">BM</subfield>
    <subfield code="d">2012-11-06</subfield>
    <subfield code="e">Material adquirido por donaci&#xF3;n</subfield>
    <subfield code="i">C1161409</subfield>
    <subfield code="l">0</subfield>
    <subfield code="o">WO200 C5-95 e14</subfield>
    <subfield code="p">802566</subfield>
    <subfield code="r">2023-04-21 00:00:00</subfield>
    <subfield code="t">2</subfield>
    <subfield code="w">2023-04-21</subfield>
    <subfield code="y">BOOKI</subfield>
  </datafield>
  <datafield tag="952" ind1=" " ind2=" ">
    <subfield code="0">0</subfield>
    <subfield code="1">0</subfield>
    <subfield code="4">0</subfield>
    <subfield code="7">0</subfield>
    <subfield code="8">GENERAL</subfield>
    <subfield code="a">BM</subfield>
    <subfield code="b">BM</subfield>
    <subfield code="d">2003-02-07</subfield>
    <subfield code="i">C769189</subfield>
    <subfield code="l">0</subfield>
    <subfield code="o">WO200 C5-95 e7</subfield>
    <subfield code="p">61000001920913</subfield>
    <subfield code="r">2023-04-21 00:00:00</subfield>
    <subfield code="t">9</subfield>
    <subfield code="w">2023-04-21</subfield>
    <subfield code="y">BOOK</subfield>
  </datafield>
  <datafield tag="952" ind1=" " ind2=" ">
    <subfield code="0">0</subfield>
    <subfield code="1">0</subfield>
    <subfield code="4">0</subfield>
    <subfield code="7">0</subfield>
    <subfield code="8">GENERAL</subfield>
    <subfield code="a">BO</subfield>
    <subfield code="b">BO</subfield>
    <subfield code="d">2000-05-26</subfield>
    <subfield code="i">C634384</subfield>
    <subfield code="l">0</subfield>
    <subfield code="o">WO200 C5-95 e2</subfield>
    <subfield code="p">61000002865265</subfield>
    <subfield code="r">2025-01-22 00:00:00</subfield>
    <subfield code="t">14</subfield>
    <subfield code="w">2023-04-21</subfield>
    <subfield code="y">BOOK</subfield>
  </datafield>
  <datafield tag="952" ind1=" " ind2=" ">
    <subfield code="0">0</subfield>
    <subfield code="1">0</subfield>
    <subfield code="4">0</subfield>
    <subfield code="7">0</subfield>
    <subfield code="8">GENERAL</subfield>
    <subfield code="a">BM</subfield>
    <subfield code="b">BM</subfield>
    <subfield code="d">2009-05-29</subfield>
    <subfield code="i">C1049712</subfield>
    <subfield code="l">1</subfield>
    <subfield code="o">WO200 C5-95 e13</subfield>
    <subfield code="p">61000000128344</subfield>
    <subfield code="r">2025-09-02 16:48:44</subfield>
    <subfield code="s">2025-08-06</subfield>
    <subfield code="t">16</subfield>
    <subfield code="w">2023-04-21</subfield>
    <subfield code="y">BOOK</subfield>
  </datafield>
  <datafield tag="952" ind1=" " ind2=" ">
    <subfield code="0">0</subfield>
    <subfield code="1">0</subfield>
    <subfield code="2">ddc</subfield>
    <subfield code="4">0</subfield>
    <subfield code="7">0</subfield>
    <subfield code="8">GENERAL</subfield>
    <subfield code="a">CARME</subfield>
    <subfield code="b">CARME</subfield>
    <subfield code="d">2009-07-22</subfield>
    <subfield code="e">Material adquirido por donaci&#xF3;n</subfield>
    <subfield code="f">DONA</subfield>
    <subfield code="g">19000.00</subfield>
    <subfield code="i">C1057481</subfield>
    <subfield code="l">0</subfield>
    <subfield code="o">617.96 A473</subfield>
    <subfield code="p">0697994</subfield>
    <subfield code="r">2023-04-21 00:00:00</subfield>
    <subfield code="t">17</subfield>
    <subfield code="w">2023-04-21</subfield>
    <subfield code="y">BOOK</subfield>
  </datafield>
  <datafield tag="952" ind1=" " ind2=" ">
    <subfield code="0">0</subfield>
    <subfield code="1">0</subfield>
    <subfield code="4">0</subfield>
    <subfield code="7">0</subfield>
    <subfield code="8">GENERAL</subfield>
    <subfield code="a">SCDM</subfield>
    <subfield code="b">SCDM</subfield>
    <subfield code="d">2014-01-29</subfield>
    <subfield code="i">C1196058</subfield>
    <subfield code="l">0</subfield>
    <subfield code="o">617.96 A473</subfield>
    <subfield code="p">0982697</subfield>
    <subfield code="r">2024-09-21 00:00:00</subfield>
    <subfield code="t">18</subfield>
    <subfield code="w">2023-04-21</subfield>
    <subfield code="y">BOOK</subfield>
  </datafield>
</record>
